00387nam a2200169Ia 4500003000400000005001700004008004100021020002000062040000700082041000800089082001500097100002300112245004000135260002000175300000800195650001400203OSt20251203102824.0250729s1995 xx 000 0 und d c9788120700765,  cAL aeng a371.4 BHAA aBhat Vijayashankar aAfter s s l c and p u c what next? aBangalorec1995 a54p aEducation